| Tag |
First Indicator |
Second Indicator |
Subfields |
| LEADER |
00000cam a2200000Ii 4500 |
| 001 |
in00004444213 |
| 005 |
20211018102029.0 |
| 008 |
200228t20202020nyu 000 1 eng d |
| 020 |
|
|
|a 0756417104
|q (paperback)
|
| 020 |
|
|
|a 9780756417109
|q (paperback)
|
| 035 |
|
|
|a (OCoLC)on1142014143
|
| 040 |
|
|
|a YDX
|e rda
|c YDX
|d COO
|d BDX
|d TXA
|d UtOrBLW
|
| 043 |
|
|
|a f------
|
| 049 |
|
|
|a TXAM
|
| 082 |
0 |
|
|a 813/.6
|2 23
|
| 090 |
|
|
|a PS3615.K67
|b W56 2020
|
| 100 |
1 |
|
|a Okorafor, Nnedi,
|e author.
|0 http://id.loc.gov/authorities/names/n2004028670
|
| 245 |
1 |
0 |
|a Who fears death /
|c Nnedi Okorafor.
|
| 250 |
|
|
|a 10th anniversary edition.
|
| 264 |
|
1 |
|a New York :
|b Daw Books, Inc.,
|c [2020]
|
| 264 |
|
4 |
|c ©2020
|
| 264 |
|
4 |
|c Original text ©2010
|
| 300 |
|
|
|a x, 386 pages ;
|c 21 cm.
|
| 336 |
|
|
|a text
|b txt
|2 rdacontent
|
| 337 |
|
|
|a unmediated
|b n
|2 rdamedia
|
| 338 |
|
|
|a volume
|b nc
|2 rdacarrier
|
| 490 |
1 |
|
|a DAW book collectors ;
|v no. 1512
|
| 500 |
|
|
|a Includes Windows and Doors introduction by the author ©2020.
|
| 520 |
|
|
|a Born into post-apocalyptic Africa to a mother who was raped after the slaughter of her entire tribe, Onyesonwu is tutored by a shaman and discovers that her magical destiny is to end the genocide of her people.
|
| 650 |
|
0 |
|a Magic
|v Fiction.
|0 http://id.loc.gov/authorities/subjects/sh2008107174
|
| 650 |
|
0 |
|a Genocide
|v Fiction.
|
| 650 |
|
0 |
|a Tribes
|v Fiction.
|
| 650 |
|
0 |
|a Rape
|v Fiction.
|0 http://id.loc.gov/authorities/subjects/sh2010109538
|
| 651 |
|
0 |
|a Africa
|v Fiction.
|0 http://id.loc.gov/authorities/subjects/sh2007101346
|
| 650 |
|
7 |
|a Genocide.
|2 fast
|0 (OCoLC)fst00940208
|
| 650 |
|
7 |
|a Magic.
|2 fast
|0 (OCoLC)fst01005468
|
| 650 |
|
7 |
|a Rape.
|2 fast
|0 (OCoLC)fst01089970
|
| 650 |
|
7 |
|a Tribes.
|2 fast
|0 (OCoLC)fst01156484
|
| 651 |
|
7 |
|a Africa.
|2 fast
|0 (OCoLC)fst01239509
|
| 655 |
|
7 |
|a Fantasy fiction.
|2 fast
|0 (OCoLC)fst01726607
|
| 655 |
|
7 |
|a Fiction.
|2 fast
|0 (OCoLC)fst01423787
|
| 655 |
|
7 |
|a Fantasy fiction.
|2 lcgft
|0 http://id.loc.gov/authorities/genreForms/gf2014026333
|
| 830 |
|
0 |
|a DAW book collectors ;
|v no. 1512.
|0 http://id.loc.gov/authorities/names/n91066025
|
| 948 |
|
|
|a cataloged
|b h
|c 2021/8/10
|d c
|e dmitchel
|f 11:10:20 am
|
| 994 |
|
|
|a C0
|b TXA
|
| 999 |
f |
f |
|s cb5eab37-1453-39d8-881f-8b25dcdcc91b
|i e90f30e5-9b43-33be-be81-03ba5b96f37e
|t 0
|
| 952 |
f |
f |
|p normal
|a Texas A&M University
|b College Station
|c Sterling C. Evans Library
|d Evans: Library Stacks
|t 0
|e PS3615.K67 W56 2020
|h Library of Congress classification
|i unmediated -- volume
|m A14851229162
|
| 998 |
f |
f |
|a PS3615.K67 W56 2020
|t 0
|l Evans: Library Stacks
|